[Event "Bastia CC Spring op 35th"]
[Site "Bastia"]
[Date "2009.04.03"]
[Round "?"]
[White "Pellerin, Gerard"]
[Black "Albert, Ghislaine"]
[Result "0-1"]
[WhiteElo "1380"]
[BlackElo "1444"]
[PlyCount "80"]
[EventDate "2009.03.21"]
[EventType "swiss"]
[EventRounds "5"]
[EventCountry "FRA"]
[SourceTitle "EXT 2010"]
[Source "ChessBase"]
[SourceDate "2010.11.25"]
[SourceVersion "1"]
[SourceVersionDate "2010.11.25"]
[SourceQuality "1"]

1. e4 c5 2. c4 d6 3. d3 Nf6 4. Be2 Nc6 5. Nf3 a6 6. Nc3 e6 7. b3 b6 8. Bb2 Bb7 9. 0-0 Be7 10. Qd2 0-0 11. a3 Na5 12. Qc2 Ng4 13. h3 Ne5 14. Nxe5 dxe5 15. Bf3 f5 16. Ne2 Bh4 17. Bxe5 Qg5 18. Bf4 Qg6 19. Bg3 Bf6 20. Rab1 fxe4 21. dxe4 Bh4 22. Kh2 Qg5 23. Nf4 Rf6 24. Qc1 Raf8 25. Bg4 Rxf4 26. Bxe6+ Kh8 27. Bf5 Bxe4 28. Bxe4 Rxe4 29. Qxg5 Bxg5 30. f3 Re3 31. Kh1 Nxb3 32. Rf2 Rfe8 33. Kh2 b5 34. cxb5 axb5 35. f4 Rxg3 36. Kxg3 Re3+ 37. Kg4 Bf6 38. f5 Nd4 39. a4 Re4+ 40. Rf4 Re2 0-1

[Event "Bastia July op"]
[Site "Bastia"]
[Date "2008.07.30"]
[Round "6"]
[White "Cesari, Cathy"]
[Black "Albert, Ghislaine"]
[Result "1-0"]
[WhiteElo "1220"]
[BlackElo "1479"]
[PlyCount "59"]
[EventDate "2008.07.23"]
[EventType "swiss"]
[EventRounds "7"]
[EventCountry "FRA"]
[SourceTitle "EXT 2010"]
[Source "ChessBase"]
[SourceDate "2010.11.25"]
[SourceVersion "1"]
[SourceVersionDate "2010.11.25"]
[SourceQuality "1"]

1. e4 c5 2. Nf3 d6 3. d4 cxd4 4. Nxd4 Nf6 5. Nc3 a6 6. Be2 e6 7. 0-0 b5 8. Bg5 Be7 9. b4 Bb7 10. Bf3 Nbd7 11. Re1 Rb8 12. Qd2 Nxe4 13. Bxe7 Qxe7 14. Nxe4 Nf6 15. Nxf6+ Qxf6 16. Bc6+ Bxc6 17. Nxc6 Rc8 18. Qxd6 Rxc6 19. Qxc6+ Ke7 20. Rad1 Qf5 21. Qd7+ Kf6 22. Qd4+ Kg6 23. Qc3 h5 24. h4 Rh6 25. Re5 Qf6 26. Qg3+ Kh7 27. Qd3+ Rg6 28. Rxh5+ Kg8 29. Qd8+ Qxd8 30. Rxd8# 1-0